Pharmacology for Nurses (Record no. 157435)

MARC details
000 -LEADER
fixed length control field 00351nam a2200133Ia 4500
008 - FIXED-LENGTH DATA ELEMENTS--GENERAL INFORMATION
fixed length control field 230411s9999 xx 000 0 und d
041 ## - LANGUAGE CODE
Language code of text/sound track or separate title eng
082 ## - DEWEY DECIMAL CLASSIFICATION NUMBER
Classification number PH/615.1/UDA/B07298
100 ## - MAIN ENTRY--PERSONAL NAME
Personal name Udaykumar Padmaja
9 (RLIN) 179457
245 ## - TITLE STATEMENT
Title Pharmacology for Nurses
260 ## - PUBLICATION, DISTRIBUTION, ETC. (IMPRINT)
Name of publisher, distributor, etc. Jaypee Brothers
Place of publication, distribution, etc. New Delhi
Date of publication, distribution, etc. 2013
300 ## - PHYSICAL DESCRIPTION
Extent 440p
Holdings
Withdrawn status Lost status Damaged status Not for loan Collection code Home library Current library Date acquired Vendor Cost, normal purchase price Bill number Shelving control number Total Checkouts Total Renewals Full call number Barcode Checked out Date last seen Date last checked out Cost, replacement price Bill Date Koha item type Original Barcode
          Smt. Bakul Tambat Institute of Nursing Education Smt. Bakul Tambat Institute of Nursing Education 29/11/2012 Jaypee Brothers Medical Publishers 375.00 3646 1 3 2 PH 615.1 UDA B07298 BTIN-BK-7298 06/04/2026 02/03/2026 02/03/2026 274.00 29/11/2012 Books B07298